Suoni e ritmi per danzare le ore (Record no. 100882)

MARC details
000 -LEADER
fixed length control field 00974njm a2200265Ia 4500
001 - CONTROL NUMBER
control field 25712
003 - CONTROL NUMBER IDENTIFIER
control field IT-RoPAU
005 - DATE AND TIME OF LATEST TRANSACTION
control field 20220918181136.0
008 - FIXED-LENGTH DATA ELEMENTS--GENERAL INFORMATION
fixed length control field 131025s9999 xx 000 0 und d
040 ## - CATALOGING SOURCE
Original cataloging agency IT-RoPAU
040 ## - CATALOGING SOURCE
Transcribing agency IT-RoPAU
999 ## - SYSTEM CONTROL NUMBERS (KOHA)
Koha Dewey Subclass [OBSOLETE] NO
100 ## - MAIN ENTRY--PERSONAL NAME
Personal name Puccio Gregorio
9 (RLIN) 14096
100 ## - MAIN ENTRY--PERSONAL NAME
Relator term Autore musica
9 (RLIN) 14097
100 ## - MAIN ENTRY--PERSONAL NAME
Miscellaneous information Codice autore musica SPICS: 11508
9 (RLIN) 14098
245 ## - TITLE STATEMENT
Title Suoni e ritmi per danzare le ore
250 ## - EDITION STATEMENT
Edition statement 1a ed.
260 ## - PUBLICATION, DISTRIBUTION, ETC. (IMPRINT)
Place of publication, distribution, etc. ROMA
260 ## - PUBLICATION, DISTRIBUTION, ETC. (IMPRINT)
Name of publisher, distributor, etc. EP - MUSICALI E DISCOGRAFICHE
Date of publication, distribution, etc. 1984 [1a Ed.:1984 - Ed. Lingua Orig.: 1984]
300 ## - PHYSICAL DESCRIPTION
Extent MUSICASSETTA
500 ## - GENERAL NOTE
General note Musica strumentale: chitarra, percussioni, basso e tastiere
505 ## - FORMATTED CONTENTS NOTE
Formatted contents note Aria aperta - Al ritmo del cuore - Vola canzone - Con tenerezza - Va e vieni - Strada nel sole - Nostalgia di... - Pomeriggio chiaro - Danza di pensieri - La mano nella mano - Luci nella sera
650 ## - SUBJECT ADDED ENTRY--TOPICAL TERM
Topical term or geographic name as entry element STRUMENTALE [CASSETTE]
Relator term Codice MATERIA SPICS: 9951
9 (RLIN) 1218
942 ## - ADDED ENTRY ELEMENTS (KOHA)
Koha item type MUSICASSETTE
Source of classification or shelving scheme Dewey Decimal Classification
Holdings
Withdrawn status Lost status Damaged status Not for loan Home library Current library Date acquired Total Checkouts Full call number Date last seen Price effective from Koha item type Public note
    Buone Condizioni Not For Loan SPICS-MEDIATECA SPICS-MEDIATECA 25/10/2013   25712 25/10/2013 25/10/2013 MUSICASSETTE Progr. Ins.: 5586 / N.Vol.: 1 / Copie: 1 - Copia rara: NO / date import: 01.01.2014 - By Epidotti, Trombetti, Vaglietti
CREDITS: SOCIETA' SAN PAOLO Via A.Severo, 58 - ROMA (RM) & PERIODICI SAN PAOLO SRL Via Giotto, 36 MILANO & CISF Via Giotto, 36 MILANO & EDIZIONI SAN PAOLO SRL,  Piazza Soncino, 5 CINISELLO BALSAMO (MI) -- ITALY